000 01446nam a2200373 i 4500
001 196084
003 ES-MaACL
005 20250902061955.0
008 240811s2015 sp a | |||| 000 0 spa
015 _aMON15
017 _aM 1423-2015
_bOficina Depósito Legal Madrid
020 _a9788479607326
035 _a(OCoLC)907059040
035 _a(SpMaBN)a5628885
035 _a991050710459708606
040 _aSpMaBN
_bspa
_cSpMaBN
_erdc
080 _a334.752(460.27)"19/20"
100 1 _aMartínez Piqueras, Enrique
_eaut
_9238103
245 1 3 _aEl naufragio de la patronal de Madrid :
_bmemoria crítica e ilustrada de un fracaso (1989-2014) /
_cEnrique Martínez Piqueras
260 _aMadrid :
_bEdiciones de la Torre,
_c2015
300 _a286 páginas :
_b[32] páginas de láminas (blanco y negro y color) ;
_c24 cm
336 _aTexto (visual)
_2isbdcontent
337 _asin mediación
_2isbdmedia
338 _2rdacarrier
_avolumen
490 1 _aBiblioteca de nuestro mundo. Cronos ;
_v27
500 _aEn lomo: 610
650 7 _aEmpresas conjuntas-
_zMadrid (Comunidad Autónoma)
_2embne
_9238104
830 0 _aBiblioteca de nuestro mundo. Cronos ;
_v27
_9222895
852 _aES-MaACL
_bR.152504
_cDEPOJ
_hDonación Ediciones de la Torre
_jN-9211
_9205161
942 _cMONOGRAFIA
_n0
999 _c196084
_d196084